Biện pháp nâng cao hứng thú học tập học phần "Sử dụng bảng tính cơ bản" cho sinh viên không chuyên tin học tại trường Đại học Đồng Tháp Báo cáo tổng kết đề tài KH&CN cấp cơ sở năm học 2019 - 2020. Mã số SPD2019.01.27

Đã lưu trong:
Sonraí Bibleagrafaíochta
Príomhúdar: Lê, Quang Minh (Chủ nhiệm đề tài)
Údair Eile: Đặng, Thị Thu Liễu (Tham gia), Huỳnh, Sơn Lâm (Tham gia)
Formáid: Trealamh Leabhar
Foilsithe: Đồng Tháp Trường Đại học Đồng Tháp 2020
Ábhair:
Clibeanna: Cuir Clib Leis
Gan Chlibeanna, Bí ar an gcéad duine leis an taifead seo a chlibeáil!
Thư viện lưu trữ: Trung tâm Học liệu Lê Vũ Hùng, Trường Đại học Đồng Tháp
LEADER 01453ppm a22002778a 4500
001 00046104
005 20201207151206.0
008 170215s2015 ||||||Viesd
041 0 # |a Vie 
082 1 4 |b B305PH  |a 005.5 
100 1 # |a Lê, Quang Minh  |e Chủ nhiệm đề tài 
245 1 0 |b Báo cáo tổng kết đề tài KH&CN cấp cơ sở năm học 2019 - 2020. Mã số SPD2019.01.27  |c Lê Quang Minh (chủ nhiệm đề tài); Đặng Thị Thu Liễu, Huỳnh Sơn Lâm (tham gia)  |a Biện pháp nâng cao hứng thú học tập học phần "Sử dụng bảng tính cơ bản" cho sinh viên không chuyên tin học tại trường Đại học Đồng Tháp 
260 # # |b Trường Đại học Đồng Tháp  |c 2020  |a Đồng Tháp 
300 # # |a 66 tr. +phụ lục  |c 30 cm.  |e 1 bản tóm tắt 
500 # # |a ĐTTS ghi: Bộ Giáo dục và Đào tạo. Trường Đại học Đồng Tháp 
653 # # |a Bảng tính 
653 # # |a Hứng thứ học tập 
653 # # |a Đại học Đồng Tháp 
653 # # |a Tin học 
653 # # |a Sinh viên không chuyên 
653 # # |a Nghiên cứu khoa học 
700 # # |a Đặng, Thị Thu Liễu  |e Tham gia 
700 # # |a Huỳnh, Sơn Lâm  |e Tham gia 
852 # # |j KH.0000221 
910 # # |d 07/12/2020 
980 # # |a Trung tâm Học liệu Lê Vũ Hùng, Trường Đại học Đồng Tháp